Statistics for Cities Beginning With "M" on a Map

Click here to take the quiz!

General Stats

  • This quiz has been taken 47,891 times
  • The average score is 19 of 32

Answers on the Map

Answers color-coded by a green-red scale on the quiz's map according to % correct below.
 

Answer Stats

City% Correct
Madrid
96%
Mexico City
96%
Moscow
95%
Manchester
92%
Miami
91%
Melbourne
87%
Milan
87%
Manila
85%
Mumbai
85%
Montreal
80%
Marseille
76%
Montevideo
74%
Minneapolis
68%
Malmö
62%
Mogadishu
61%
Mecca
60%
Muscat
55%
Marrakech
54%
Medellin
52%
Málaga
46%
Monrovia
45%
Manaus
43%
Monterrey
43%
Macau
42%
Manama
42%
Maputo
42%
Mombasa
36%
Maracaibo
22%
Mandalay
20%
Mendoza
18%
Mashhad
15%
Multan
11%

Score Distribution

Percentile by Number Answered

Percent of People with Each Score

Your Score History

You have not taken this quiz